[Event "San Jose Mission 360-A"]
[Site "San Jose"]
[Date "2022.03.25"]
[Round "1"]
[White "Li, Eric"]
[Black "Kavutskiy, Konstantin"]
[Result "0-1"]
[WhiteElo "2403"]
[BlackElo "2395"]
[PlyCount "88"]
[EventDate "2022.03.25"]
[EventType "tourn"]
[EventRounds "9"]
[EventCountry "USA"]
[EventCategory "8"]
[SourceTitle "CBM 207 Extra"]
[Source "ChessBase"]
[SourceDate "2022.05.31"]
[SourceVersion "1"]
[SourceVersionDate "2022.05.31"]
[SourceQuality "1"]

1. d4 Nf6 2. c4 g6 3. Nc3 Bg7 4. e4 d6 5. Nf3 0-0 6. Be2 Nbd7 7. Be3 e5 8. d5 Ng4 9. Bg5 f6 10. Bh4 h5 11. Nd2 Nh6 12. f3 a5 13. Qc2 Nc5 14. 0-0-0 c6 15. Bf2 Qe7 16. Kb1 Bd7 17. Rhg1 f5 18. h3 f4 19. g4 Kh7 20. Nb3 Nxb3 21. Qxb3 c5 22. Na4 Bxa4 23. Qxa4 Bf6 24. Qb5 Rf7 25. Be1 a4 26. h4 Bxh4 27. gxh5 g5 28. Bxh4 gxh4 29. Rg6 Qd8 30. Rdg1 Rd7 31. b4 axb3 32. Qxb3 h3 33. Qc3 Ra4 34. Bd1 Rb4+ 35. Bb3 b5 36. a3 Rxb3+ 37. Qxb3 bxc4 38. Qb5 Rf7 39. Qc6 h2 40. Rh1 Qb8+ 41. Kc1 Rb7 42. Kd2 Rb2+ 43. Ke1 Rb1+ 44. Ke2 Qb2# 0-1

[Event "New York Winter GM-A"]
[Site "New York"]
[Date "2022.01.17"]
[Round "8"]
[White "Li, Eric"]
[Black "Liang, Jason"]
[Result "0-1"]
[WhiteElo "2402"]
[BlackElo "2403"]
[PlyCount "122"]
[EventDate "2022.01.13"]
[EventType "tourn"]
[EventRounds "9"]
[EventCountry "USA"]
[EventCategory "8"]
[SourceTitle "CBM 206 Extra"]
[Source "ChessBase"]
[SourceDate "2022.03.31"]
[SourceVersion "1"]
[SourceVersionDate "2022.03.31"]
[SourceQuality "1"]

1. d4 d5 2. c4 e6 3. Nf3 a6 4. Bg5 Be7 5. Bxe7 Qxe7 6. Nbd2 Nf6 7. g3 b6 8. Bg2 Bb7 9. 0-0 Nbd7 10. cxd5 exd5 11. Rc1 c5 12. dxc5 bxc5 13. Qb3 Rb8 14. Qa3 0-0 15. e3 Rfe8 16. Rfd1 h5 17. h3 Rbc8 18. b3 Rc6 19. Qb2 a5 20. Nb1 Rcc8 21. Nc3 Bc6 22. Nh4 Nb6 23. Rd2 a4 24. Rdc2 Rb8 25. Ne2 axb3 26. axb3 Nbd7 27. Qa3 Ne4 28. Nc3 Qe6 29. Nf3 Ndf6 30. Na4 Bxa4 31. bxa4 c4 32. Nd4 Qd7 33. a5 Ra8 34. Ra1 Ra6 35. Qb4 Rea8 36. Rca2 Qc7 37. Qe1 Nc5 38. Nb5 Qe5 39. Qc3 Qb8 40. Nd4 Nfe4 41. Qc2 Qc7 42. Nb5 Qd8 43. Nc3 Rxa5 44. Rxa5 Rxa5 45. Rxa5 Qxa5 46. Bxe4 dxe4 47. Nxe4 Nxe4 48. Qxe4 c3 49. Kf1 Qa6+ 50. Kg2 Qc8 51. Qc2 Qb7+ 52. Kh2 Qb2 53. Qf5 g6 54. Qf6 Qd2 55. g4 c2 56. gxh5 c1Q 57. h6 Qc7+ 58. Kg2 Qd5+ 59. Kg1 Qc1+ 60. Kh2 Qch1+ 61. Kg3 Qhg2+ 0-1

[Event "New York Winter GM-A"]
[Site "New York"]
[Date "2022.01.16"]
[Round "6"]
[White "Li, Eric"]
[Black "Schitco, Ivan"]
[Result "1/2-1/2"]
[WhiteElo "2402"]
[BlackElo "2483"]
[PlyCount "120"]
[EventDate "2022.01.13"]
[EventType "tourn"]
[EventRounds "9"]
[EventCountry "USA"]
[EventCategory "8"]
[SourceTitle "CBM 206 Extra"]
[Source "ChessBase"]
[SourceDate "2022.03.31"]
[SourceVersion "1"]
[SourceVersionDate "2022.03.31"]
[SourceQuality "1"]

1. d4 d5 2. c4 dxc4 3. e4 b5 4. a4 c6 5. axb5 cxb5 6. Nc3 a6 7. Nxb5 axb5 8. Rxa8 Bb7 9. Ra1 e6 10. Ne2 Bxe4 11. f3 Bc6 12. b3 Nf6 13. bxc4 bxc4 14. Qd2 Nd5 15. Ba3 Bxa3 16. Rxa3 0-0 17. Nc3 Qh4+ 18. g3 Qe7 19. Qc1 Ne3 20. Kf2 Ng4+ 21. Ke2 Qd6 22. Bh3 f5 23. Nd1 Bd5 24. Ne3 Nc6 25. Rd1 Nxh2 26. Nxd5 exd5 27. Kf2 f4 28. g4 Qh6 29. Kg2 Qh4 30. Qd2 Qg3+ 31. Kh1 Nxf3 32. Qg2 Ncxd4 33. Qxg3 fxg3 34. Bg2 Rf6 35. Bxf3 Nxf3 36. Rxd5 h6 37. Kg2 Ng5 38. Rxg3 Rf4 39. Rd8+ Kh7 40. Rc8 Rd4 41. Kf1 Ne4 42. Ra3 Nf6 43. g5 hxg5 44. Kg2 Nd5 45. Rc5 Kg6 46. Raa5 Rg4+ 47. Kf3 Nf6 48. Ra4 Rf4+ 49. Kg2 Ng4 50. Ra3 Nh6 51. Rf3 Rd4 52. Kg3 g4 53. Rf4 Rd3+ 54. Kg2 c3 55. Rfc4 Nf5 56. Rxg4+ Kf6 57. Rf4 g6 58. Rf3 Rd2+ 59. Rf2 Rd3 60. Rf3 Rd2+ 1/2-1/2

[Event "New York Winter GM-A"]
[Site "New York"]
[Date "2022.01.15"]
[Round "4"]
[White "Daggupati, Balaji"]
[Black "Li, Eric"]
[Result "1-0"]
[WhiteElo "2467"]
[BlackElo "2402"]
[PlyCount "97"]
[EventDate "2022.01.13"]
[EventType "tourn"]
[EventRounds "9"]
[EventCountry "USA"]
[EventCategory "8"]
[SourceTitle "CBM 206 Extra"]
[Source "ChessBase"]
[SourceDate "2022.03.31"]
[SourceVersion "1"]
[SourceVersionDate "2022.03.31"]
[SourceQuality "1"]

1. e4 c6 2. d4 d5 3. e5 c5 4. dxc5 e6 5. Qg4 h5 6. Qf4 Bxc5 7. Bd3 Nc6 8. Nf3 Nb4 9. 0-0 Nh6 10. Qg3 Nxd3 11. Qxg7 Rg8 12. Qxh6 Nxc1 13. Nc3 Bd7 14. Qh7 Ke7 15. Qxh5 Nxa2 16. Rxa2 Qf8 17. Qh4+ Ke8 18. Rd1 Qg7 19. g3 Rc8 20. Ne2 a6 21. b3 Rh8 22. Qf4 Rh5 23. Ned4 Ba7 24. Rd3 Qg6 25. h4 Bb6 26. Re3 Ke7 27. Kg2 Be8 28. c3 Qb1 29. Rd2 Ba5 30. Qf6+ Kd7 31. Nxe6 fxe6 32. Rxd5+ Kc7 33. Rxa5 Rf5 34. Rc5+ Bc6 35. Rxc6+ bxc6 36. Qe7+ Kb6 37. Nd4 Rff8 38. Qb4+ Ka7 39. Qc5+ Kb7 40. Qe7+ Kb6 41. Nxe6 Rfe8 42. Qb4+ Ka7 43. Nc5 Rb8 44. Qd4 Red8 45. Nd7+ Ka8 46. e6 Qf5 47. Re5 Qc2 48. Qc4 Rxd7 49. exd7 1-0